[Event "Winnipeg TNT March op"]
[Site "Winnipeg CAN"]
[Date "2017.03.07"]
[Round "1"]
[White "Lei, Yanyu"]
[Black "Annakkage, Udaya"]
[Result "0-1"]
[WhiteElo "1170"]
[BlackElo "1688"]
[WhiteFideId "-1"]
[WhiteFideId "-1"]
[PlyCount "60"]
[GameId "2160767740940935"]
[EventDate "2017.03.07"]
[EventType "swiss"]
[EventRounds "4"]
[EventCountry "CAN"]

1. d4 Nf6 2. c4 e6 3. Nc3 Bb4 4. Bg5 d5 5. c5 Nbd7 6. Nf3 O-O 7. e3 a6 8. Bd3 Qe8 9. a3 Bxc3+ 10. bxc3 e5 11. Bf5 e4 12. Nd2 h6 13. Bh4 Nh7 14. Bxh7+ Kxh7 15. O-O f5 16. Qc2 Nf6 17. Bxf6 Rxf6 18. c4 c6 19. cxd5 cxd5 20. Qb3 Qf7 21. f3 Be6 22. Rab1 Ra7 23. f4 Bc8 24. Qc2 a5 25. a4 Qc7 26. Rb5 Raa6 27. Qb3 Qc6 28. Rb1 Bd7 29. Rxb7 Qxa4 30. Qxa4 Bxa4 {Black eventually won in 70} 0-1

[Event "Winnipeg TNT March op"]
[Site "Winnipeg CAN"]
[Date "2017.03.07"]
[Round "1"]
[White "Letain, Cory"]
[Black "Piche, Zachary"]
[Result "0-1"]
[WhiteElo "1721"]
[BlackElo "1310"]
[WhiteFideId "-1"]
[WhiteFideId "-1"]
[PlyCount "58"]
[GameId "2160767908478198"]
[EventDate "2017.03.07"]
[EventType "swiss"]
[EventRounds "4"]
[EventCountry "CAN"]
[SourceTitle "EXT 2022"]
[Source "ChessBase"]
[SourceDate "2021.10.06"]
[SourceVersion "1"]
[SourceVersionDate "2021.10.06"]
[SourceQuality "1"]

1. d4 Nf6 2. c4 e6 3. Nf3 b6 4. a3 Bb7 5. Nc3 d5 6. Bg5 Be7 7. e3 O-O 8. Bd3 dxc4 9. Bxc4 c5 10. O-O Nc6 11. Bxf6 Bxf6 12. Ne4 cxd4 13. Nxf6+ Qxf6 14. exd4 Rfd8 15. Qc2 Nxd4 16. Nxd4 Qxd4 17. Qb3 Qg4 18. f3 Qg6 19. Rf2 Rac8 20. Re1 Qf6 21. f4 Rd4 22. Bb5 Rxf4 23. Rxf4 Qxf4 24. h3 Qg5 25. Bf1 h6 26. Qd3 Rd8 27. Qc3 Rd2 28. g4 Qd5 29. Re2 Rxe2 0-1

[Event "Winnipeg TNT March op"]
[Site "Winnipeg CAN"]
[Date "2017.03.07"]
[Round "1"]
[White "Magyar, Peter"]
[Black "Swift, Ryne"]
[Result "0-1"]
[WhiteElo "1533"]
[BlackElo "1898"]
[WhiteFideId "-1"]
[WhiteFideId "-1"]
[PlyCount "98"]
[GameId "2160767908478199"]
[EventDate "2017.03.07"]
[EventType "swiss"]
[EventRounds "4"]
[EventCountry "CAN"]
[SourceTitle "EXT 2022"]
[Source "ChessBase"]
[SourceDate "2021.10.06"]
[SourceVersion "1"]
[SourceVersionDate "2021.10.06"]
[SourceQuality "1"]

1. d4 d5 2. Nf3 Nf6 3. Bf4 e6 4. e3 Bd6 5. Bg3 b6 6. Nbd2 Bb7 7. Be2 O-O 8. O-O Bxg3 9. hxg3 Nbd7 10. c3 c5 11. b3 Rc8 12. Rc1 Qe7 13. Bd3 Ne4 14. Qc2 f5 15. Kh2 cxd4 16. exd4 Rxc3 17. Qb1 Rfc8 18. Bb5 Nxf2 19. Rxc3 Ng4+ 20. Kg1 Rxc3 21. Re1 Qd6 22. Bxd7 Qxd7 23. Ne5 Nxe5 24. Rxe5 Rxg3 25. Qe1 Rg6 26. Nf3 h6 27. Re2 Qd6 28. Nh4 Rf6 29. Re3 Kf7 30. Nf3 Ke7 31. Ne5 a5 32. Rg3 g5 33. Rc3 Kd8 34. Qc1 Qb4 35. Rd3 f4 36. Kf2 f3 37. g3 Qe7 38. Rc3 Qd6 39. Ng4 Rf7 40. Nxh6 Rg7 41. Ng4 Qb4 42. Qe3 a4 43. Ne5 g4 44. Nc6+ Bxc6 45. Rxc6 Rh7 46. Rxe6 Rh2+ 47. Kf1 Qb5+ 48. Ke1 f2+ 49. Kd2 f1=N+ 0-1

[Event "Winnipeg TNT March op"]
[Site "Winnipeg CAN"]
[Date "2017.03.07"]
[Round "1"]
[White "Myrzaibraimov, Azamat"]
[Black "Booth, Kevin"]
[Result "0-1"]
[WhiteElo "1403"]
[BlackElo "1728"]
[WhiteFideId "-1"]
[WhiteFideId "-1"]
[PlyCount "103"]
[GameId "2160767908478200"]
[EventDate "2017.03.07"]
[EventType "swiss"]
[EventRounds "4"]
[EventCountry "CAN"]
[SourceTitle "EXT 2022"]
[Source "ChessBase"]
[SourceDate "2021.10.06"]
[SourceVersion "1"]
[SourceVersionDate "2021.10.06"]
[SourceQuality "1"]

1. e4 c5 2. Nf3 e6 3. Nc3 a6 4. a3 Nc6 5. Bc4 b5 6. Ba2 Bb7 7. d3 d6 8. O-O Nf6 9. Re1 Be7 10. h3 O-O 11. Nh2 d5 12. Ng4 dxe4 13. Nxf6+ Bxf6 14. Nxe4 Be7 15. Be3 Rc8 16. Bxc5 Nd4 17. Bxe7 Qxe7 18. c3 Nf5 19. Qg4 Rfd8 20. d4 Bd5 21. Bb1 Qh4 22. Qg5 h6 23. Nf6+ Kf8 24. Qxh4 Nxh4 25. Nxd5 Rxd5 26. Be4 Rg5 27. g3 Rc7 28. Kh2 Ng6 29. f4 Rh5 30. g4 Rh4 31. Bxg6 fxg6 32. Rxe6 Kf7 33. Rxa6 Re7 34. Rg1 Re2+ 35. Rg2 Re3 36. Rg3 Re2+ 37. Kg1 Rxb2 38. Rf3 h5 39. g5 Re2 40. Ra7+ Ke6 41. Rxg7 Kf5 42. Rf7+ Ke4 43. Re7+ Kxf3 44. Rxe2 Kxe2 45. f5 gxf5 46. Kg2 Re4 47. Kg3 f4+ 48. Kh4 f3+ 49. Kxh5 f2 50. d5 f1=Q 51. d6 Qxh3+ 52. Kg6 0-1

[Event "Winnipeg TNT March op"]
[Site "Winnipeg CAN"]
[Date "2017.03.07"]
[Round "1"]
[White "Myrzaibraimova, Aibike"]
[Black "Magnusson, Saul"]
[Result "0-1"]
[WhiteElo "1567"]
[BlackElo "2030"]
[WhiteFideId "-1"]
[WhiteFideId "-1"]
[PlyCount "86"]
[GameId "2160767908478201"]
[EventDate "2017.03.07"]
[EventType "swiss"]
[EventRounds "4"]
[EventCountry "CAN"]
[SourceTitle "EXT 2022"]
[Source "ChessBase"]
[SourceDate "2021.10.06"]
[SourceVersion "1"]
[SourceVersionDate "2021.10.06"]
[SourceQuality "1"]

1. e4 e5 2. Nf3 Nc6 3. Bb5 a6 4. Ba4 Nf6 5. Nc3 b5 6. Bb3 b4 7. Nd5 d6 8. Nxf6+ Qxf6 9. h3 Qg6 10. Bd5 Bd7 11. g3 Be7 12. d4 Rb8 13. dxe5 Nxe5 14. Nxe5 dxe5 15. b3 c6 16. Bc4 Qxe4+ 17. Qe2 Qxh1+ 18. Qf1 Qxh3 19. Qxh3 Bxh3 20. Bxa6 Bc5 21. Bb2 Bd4 22. Bxd4 exd4 23. O-O-O Rd8 24. Bb7 Kd7 25. Rxd4+ Kc7 26. Rxb4 Rb8 27. Rf4 Rxb7 28. Rxf7+ Kb6 29. Rxb7+ Kxb7 30. c4 Rd8 31. f4 Kb6 32. b4 Rd3 33. a4 Rc3+ 34. Kb2 Rxc4 35. Kb3 Be6 36. b5 cxb5 37. axb5 Kxb5 38. Ka3 Rb4 39. g4 Kc4 40. f5 Bd7 41. f6 Kc3 42. Ka2 Kc2 43. g5 Ra4# 0-1

[Event "Winnipeg TNT March op"]
[Site "Winnipeg CAN"]
[Date "2017.03.07"]
[Round "1"]
[White "Prince, Colin"]
[Black "Trueman, Francis"]
[Result "1-0"]
[WhiteElo "1850"]
[BlackElo "1434"]
[WhiteFideId "-1"]
[WhiteFideId "-1"]
[PlyCount "47"]
[GameId "2160767908478202"]
[EventDate "2017.03.07"]
[EventType "swiss"]
[EventRounds "4"]
[EventCountry "CAN"]
[SourceTitle "EXT 2022"]
[Source "ChessBase"]
[SourceDate "2021.10.06"]
[SourceVersion "1"]
[SourceVersionDate "2021.10.06"]
[SourceQuality "1"]

1. e4 d6 2. d4 Nd7 3. c4 e5 4. Nf3 Ngf6 5. Nc3 g6 6. Be3 Bg7 7. h3 O-O 8. Qd2 Re8 9. Bd3 c6 10. O-O Nf8 11. Rad1 Ne6 12. Rfe1 Qc7 13. Bc2 h5 14. a3 Nh7 15. b4 Bd7 16. d5 Nf4 17. c5 cxd5 18. Bxf4 exf4 19. Nxd5 Qd8 20. Nxf4 h4 21. Qxd6 Bc3 22. Re3 g5 23. Qxd7 gxf4 24. Qg4+ 1-0

[Event "Winnipeg TNT March op"]
[Site "Winnipeg CAN"]
[Date "2017.03.07"]
[Round "1"]
[White "Reimer, Bruce"]
[Black "Valentino, Marcos"]
[Result "0-1"]
[WhiteElo "1665"]
[BlackElo "2162"]
[WhiteFideId "-1"]
[WhiteFideId "-1"]
[PlyCount "64"]
[GameId "2160767908478203"]
[EventDate "2017.03.07"]
[EventType "swiss"]
[EventRounds "4"]
[EventCountry "CAN"]
[SourceTitle "EXT 2022"]
[Source "ChessBase"]
[SourceDate "2021.10.06"]
[SourceVersion "1"]
[SourceVersionDate "2021.10.06"]
[SourceQuality "1"]

1. c4 Nf6 2. Nc3 d6 3. g3 g6 4. Bg2 Bg7 5. e4 O-O 6. Nge2 c5 7. O-O Nc6 8. d3 Bd7 9. Be3 Qc8 10. f3 Bh3 11. a3 Rb8 12. Qd2 Re8 13. Nf4 Bd7 14. Rf2 a6 15. Rb1 b5 16. b4 cxb4 17. axb4 bxc4 18. dxc4 Nxb4 19. Nce2 Qxc4 20. Bf1 a5 21. Nc3 Qc7 22. Qc1 Ng4 23. fxg4 Qxc3 24. Bd2 Qxc1 25. Rxc1 Bd4 26. Kg2 Bxf2 27. Kxf2 Bxg4 28. h3 Bd7 29. g4 Rec8 30. Ra1 Rc2 31. Ke1 Rc5 32. Be3 Nc2+ 0-1

[Event "Winnipeg TNT March op"]
[Site "Winnipeg CAN"]
[Date "2017.03.07"]
[Round "1"]
[White "Wiebe, Isaac"]
[Black "Remillard, John"]
[Result "1-0"]
[WhiteElo "2232"]
[BlackElo "1678"]
[WhiteFideId "-1"]
[WhiteFideId "-1"]
[PlyCount "33"]
[GameId "2160767908478204"]
[EventDate "2017.03.07"]
[EventType "swiss"]
[EventRounds "4"]
[EventCountry "CAN"]
[SourceTitle "EXT 2022"]
[Source "ChessBase"]
[SourceDate "2021.10.06"]
[SourceVersion "1"]
[SourceVersionDate "2021.10.06"]
[SourceQuality "1"]

1. d4 Nf6 2. e3 g6 3. Bd3 Bg7 4. Nf3 Nc6 5. e4 d5 6. e5 Nd7 7. O-O Nb6 8. c3 Bg4 9. h3 Bxf3 10. Qxf3 Qd7 11. b4 e6 12. Nd2 O-O 13. Nb3 Qe7 14. a4 f5 15. b5 Qe8 16. bxc6 Qxc6 17. Bb5 1-0

[Event "Winnipeg TNT March op"]
[Site "Winnipeg CAN"]
[Date "2017.03.14"]
[Round "2.4"]
[White "Baron, Gustav"]
[Black "Annakkage, Udaya"]
[Result "1-0"]
[WhiteElo "2119"]
[BlackElo "1688"]
[WhiteFideId "-1"]
[WhiteFideId "-1"]
[PlyCount "77"]
[GameId "2160767740940936"]
[EventDate "2017.03.07"]
[EventType "swiss"]
[EventRounds "4"]
[EventCountry "CAN"]

1. d4 Nf6 2. c4 e6 3. Nc3 Bb4 4. Qc2 b6 5. Bg5 Bb7 6. Nf3 O-O 7. e3 d6 8. Bd3 h6 9. Bh4 Nbd7 10. e4 e5 11. O-O-O exd4 12. Nxd4 Ne5 13. f3 Bxc3 14. Qxc3 a5 15. Nf5 Re8 16. Be2 Bc8 17. g4 Kh7 18. Bg3 Bb7 19. h4 g6 20. Nd4 Qe7 21. h5 Nc6 22. hxg6+ fxg6 23. Qe3 Qg7 24. g5 Nh5 25. Rxh5 gxh5 26. g6+ Qxg6 27. Be1 Nxd4 28. Qxd4 Qg7 29. Qf2 Rf8 30. Bd3 Qe5 31. Bc3 Qf4+ 32. Kb1 Qxf3 33. Qe1 Rae8 34. e5+ Kg8 35. e6 Re7 36. Bc2 Rf4 37. Rd3 Qf1 38. Re3 Qxe1+ 39. Rxe1 {and Black eventually lost on time.} 1-0

[Event "Winnipeg TNT March op"]
[Site "Winnipeg CAN"]
[Date "2017.03.14"]
[Round "2.4"]
[White "Booth, Kevin"]
[Black "Bince, Rolando"]
[Result "0-1"]
[WhiteElo "1728"]
[BlackElo "2128"]
[WhiteFideId "-1"]
[WhiteFideId "-1"]
[PlyCount "100"]
[GameId "2160767908478205"]
[EventDate "2017.03.07"]
[EventType "swiss"]
[EventRounds "4"]
[EventCountry "CAN"]
[SourceTitle "EXT 2022"]
[Source "ChessBase"]
[SourceDate "2021.10.06"]
[SourceVersion "1"]
[SourceVersionDate "2021.10.06"]
[SourceQuality "1"]

1. d4 Nf6 2. c4 e6 3. Nf3 Bb4+ 4. Bd2 Be7 5. Nc3 d5 6. Bf4 O-O 7. e3 Ne4 8. cxd5 exd5 9. Rc1 Bb4 10. Bd3 Bg4 11. a3 Nxc3 12. bxc3 Bxa3 13. Rc2 Bd6 14. Bxd6 cxd6 15. Rb2 Nd7 16. O-O Nb6 17. Qc2 Bxf3 18. gxf3 Rc8 19. Bxh7+ Kh8 20. Bf5 Rc7 21. Kh1 g6 22. Bh3 Qh4 23. Bg2 Rfc8 24. f4 Rxc3 25. Qb1 Kg7 26. h3 R8c7 27. Kh2 Qd8 28. Qa1 Qb8 29. Qa2 Nc4 30. Rb5 Ra3 31. Qe2 a6 32. Rbb1 Ra5 33. f5 Qc8 34. fxg6 fxg6 35. Rg1 Na3 36. Rb6 Rc2 37. Qd3 Rxf2 38. Rxd6 Qe8 39. Kh1 Nc4 40. Rxd5 Rxg2 41. Rxg2 Rxd5 42. Qxc4 Rf5 43. Rg3 Qe4+ 44. Kg1 Qb1+ 45. Kh2 Rf1 46. Qc7+ Kh6 47. Rg4 Rh1+ 48. Kg3 Qe1+ 49. Kf4 Qf2+ 50. Ke4 Qf5# 0-1

[Event "Winnipeg TNT March op"]
[Site "Winnipeg CAN"]
[Date "2017.03.14"]
[Round "2.4"]
[White "Einarsson, Ken"]
[Black "Le Dorze, Philippe"]
[Result "1/2-1/2"]
[WhiteElo "1739"]
[BlackElo "1873"]
[WhiteFideId "-1"]
[WhiteFideId "-1"]
[PlyCount "62"]
[GameId "2160767908478206"]
[EventDate "2017.03.07"]
[EventType "swiss"]
[EventRounds "4"]
[EventCountry "CAN"]
[SourceTitle "EXT 2022"]
[Source "ChessBase"]
[SourceDate "2021.10.06"]
[SourceVersion "1"]
[SourceVersionDate "2021.10.06"]
[SourceQuality "1"]

1. d4 Nf6 2. c4 e6 3. Nc3 d5 4. cxd5 exd5 5. Nf3 c6 6. Bg5 Be7 7. e3 h6 8. Bh4 Bf5 9. Be2 Nbd7 10. O-O g5 11. Bg3 Nh5 12. Nxg5 Nxg3 13. Nxf7 Kxf7 14. fxg3 Kg7 15. Rxf5 Bg5 16. Qd3 Qe7 17. e4 dxe4 18. Nxe4 Raf8 19. Raf1 Rxf5 20. Rxf5 Re8 21. Nxg5 hxg5 22. Bh5 Rf8 23. Rxf8 Nxf8 24. Qe2 Qb4 25. Qf2 Qc4 26. Qd2 Ne6 27. Qc3 Qd5 28. Bf3 Qxd4+ 29. Qxd4+ Nxd4 30. Bd1 a5 31. h4 Nf5 1/2-1/2

[Event "Winnipeg TNT March op"]
[Site "Winnipeg CAN"]
[Date "2017.03.14"]
[Round "2.4"]
[White "Gannon, Keith"]
[Black "Beach, Brock"]
[Result "0-1"]
[WhiteElo "1593"]
[BlackElo "1866"]
[WhiteFideId "-1"]
[WhiteFideId "-1"]
[PlyCount "64"]
[GameId "2160767908478207"]
[EventDate "2017.03.07"]
[EventType "swiss"]
[EventRounds "4"]
[EventCountry "CAN"]
[SourceTitle "EXT 2022"]
[Source "ChessBase"]
[SourceDate "2021.10.06"]
[SourceVersion "1"]
[SourceVersionDate "2021.10.06"]
[SourceQuality "1"]

1. e4 e6 2. d4 d5 3. e5 c5 4. c4 cxd4 5. cxd5 Qxd5 6. Nf3 Nc6 7. Bd3 Bb4+ 8. Bd2 Nge7 9. Bxb4 Nxb4 10. Qa4+ Nec6 11. Qd1 Nxe5 12. O-O Nbxd3 13. Nxe5 Nxe5 14. Nd2 Bd7 15. Qb3 Bc6 16. Qxd5 Bxd5 17. Rfe1 Nc6 18. Ne4 Bxe4 19. Rxe4 O-O 20. a3 e5 21. f4 f5 22. Ree1 e4 23. b4 d3 24. Kf2 Nd4 25. Ra2 Rac8 26. g3 Rfe8 27. Re3 Rc2+ 28. Rxc2 dxc2 29. Rc3 e3+ 30. Rxe3 Rxe3 31. Kxe3 c1=Q+ 32. Kxd4 Qxa3 0-1

[Event "Winnipeg TNT March op"]
[Site "Winnipeg CAN"]
[Date "2017.03.14"]
[Round "2.4"]
[White "Green, Jim"]
[Black "Leaden, Bruce"]
[Result "1-0"]
[WhiteElo "1835"]
[BlackElo "1449"]
[WhiteFideId "-1"]
[WhiteFideId "-1"]
[PlyCount "65"]
[GameId "2160767908478208"]
[EventDate "2017.03.07"]
[EventType "swiss"]
[EventRounds "4"]
[EventCountry "CAN"]
[SourceTitle "EXT 2022"]
[Source "ChessBase"]
[SourceDate "2021.10.06"]
[SourceVersion "1"]
[SourceVersionDate "2021.10.06"]
[SourceQuality "1"]

1. e4 e5 2. Nf3 Nc6 3. Bb5 Nge7 4. O-O d6 5. d4 Bd7 6. dxe5 Nxe5 7. Nxe5 Bxb5 8. Nxf7 Qd7 9. Nxh8 Bxf1 10. Qxf1 Nc6 11. Nc3 O-O-O 12. Be3 Kb8 13. Qe2 a6 14. f4 g6 15. Rd1 Bg7 16. Nxg6 Bxc3 17. bxc3 hxg6 18. Rd5 Ne7 19. Rg5 Qa4 20. Bd4 Qxa2 21. Bf6 Re8 22. Qd3 Qf7 23. e5 Nd5 24. Qg3 Nxf6 25. exf6 Qxf6 26. Rxg6 Qf5 27. h4 Qh5 28. Qg4 Qc5+ 29. Kh2 Re1 30. Re6 Rxe6 31. Qxe6 Qh5 32. Qg8+ Ka7 33. Qg5 1-0

[Event "Winnipeg TNT March op"]
[Site "Winnipeg CAN"]
[Date "2017.03.14"]
[Round "2.4"]
[White "Lei, Yanyu"]
[Black "Myrzaibraimova, Aibike"]
[Result "0-1"]
[WhiteElo "1170"]
[BlackElo "1567"]
[WhiteFideId "-1"]
[WhiteFideId "-1"]
[PlyCount "110"]
[GameId "2160767908478209"]
[EventDate "2017.03.07"]
[EventType "swiss"]
[EventRounds "4"]
[EventCountry "CAN"]
[SourceTitle "EXT 2022"]
[Source "ChessBase"]
[SourceDate "2021.10.06"]
[SourceVersion "1"]
[SourceVersionDate "2021.10.06"]
[SourceQuality "1"]

1. d4 d5 2. c4 e6 3. Nc3 Nf6 4. Bg5 Be7 5. e3 h6 6. Bh4 O-O 7. Bd3 Nc6 8. a3 a6 9. Nge2 Re8 10. f3 dxc4 11. Bxc4 e5 12. O-O exd4 13. Nxd4 Nxd4 14. exd4 Bf5 15. Bd3 Qxd4+ 16. Bf2 Qxd3 17. Qxd3 Bxd3 18. Rfd1 Bc2 19. Rd2 Bb3 20. Bh4 Rad8 21. Rxd8 Rxd8 22. Re1 Bc5+ 23. Kh1 Re8 24. Rxe8+ Nxe8 25. Ne4 Bd4 26. Nd2 Be6 27. b4 Bb2 28. a4 Bd7 29. Nc4 Bc3 30. a5 Bxb4 31. Bf2 Bb5 32. Ne5 Bxa5 33. Bd4 Nd6 34. Kg1 Nc4 35. Nd3 Bb6 36. Bxb6 Nxb6 37. Nc5 Bc6 38. Kf2 Nd7 39. Nb3 Bd5 40. Na1 c5 41. Ke2 b5 42. Kd3 Ne5+ 43. Kc3 a5 44. h3 b4+ 45. Kb2 Nd3+ 46. Kc2 Ne1+ 47. Kb2 Nxg2 48. Kc2 a4 49. f4 a3 50. f5 Ne3+ 51. Kb1 Nxf5 52. h4 b3 53. h5 b2 54. Nb3 Be4+ 55. Ka2 b1=Q+ 0-1

[Event "Winnipeg TNT March op"]
[Site "Winnipeg CAN"]
[Date "2017.03.14"]
[Round "2.4"]
[White "Magnusson, Saul"]
[Black "Clark, Jeff"]
[Result "1-0"]
[WhiteElo "2030"]
[BlackElo "2049"]
[WhiteFideId "-1"]
[WhiteFideId "-1"]
[PlyCount "99"]
[GameId "2160767740850667"]
[EventDate "2017.03.07"]
[EventType "swiss"]
[EventRounds "4"]
[EventCountry "CAN"]
[SourceTitle "EXT 2022"]
[Source "ChessBase"]
[SourceDate "2021.10.06"]
[SourceVersion "1"]
[SourceVersionDate "2021.10.06"]
[SourceQuality "1"]

1. d4 Nf6 2. c4 e6 3. Nc3 d5 4. cxd5 exd5 5. Bg5 Be7 6. e3 O-O 7. Bd3 Nbd7 8. Nf3 c6 9. Qc2 Re8 10. O-O h6 11. Bh4 Ne4 12. Bxe7 Qxe7 13. Rab1 Ng5 14. Nxg5 Qxg5 15. b4 Nf6 16. Ne2 Ne4 17. b5 Bd7 18. bxc6 Bxc6 19. Ng3 Nd6 20. Rfc1 g6 21. Ne2 h5 22. Nf4 Kg7 23. Qc5 Ne4 24. Bxe4 Rxe4 25. Qd6 Rd8 26. Qc5 a6 27. Qc2 Ree8 28. Qd1 Rd6 29. Nd3 Qe7 30. Nb4 Bb5 31. a4 Bc4 32. a5 Qd7 33. Nd3 Bxd3 34. Qxd3 Rc8 35. Rxc8 Qxc8 36. g3 Rc6 37. Qa3 Rc2 38. Qd6 Rc1+ 39. Rxc1 Qxc1+ 40. Kg2 Qc6 41. Qb4 Kf6 42. h4 Ke6 43. Kf3 Qb5 44. Qc3 f5 45. Qc8+ Qd7 46. Qg8+ Kf6 47. Qh8+ Ke6 48. Qg8+ Qf7 49. Qxf7+ Kxf7 50. Kf4 {White won on time.} 1-0

[Event "Winnipeg TNT March op"]
[Site "Winnipeg CAN"]
[Date "2017.03.14"]
[Round "2.4"]
[White "Myrzaibraimov, Azamat"]
[Black "Goodman, Clifford"]
[Result "1-0"]
[WhiteElo "1403"]
[BlackElo "1633"]
[WhiteFideId "-1"]
[WhiteFideId "-1"]
[PlyCount "50"]
[GameId "2160767908478210"]
[EventDate "2017.03.07"]
[EventType "swiss"]
[EventRounds "4"]
[EventCountry "CAN"]
[SourceTitle "EXT 2022"]
[Source "ChessBase"]
[SourceDate "2021.10.06"]
[SourceVersion "1"]
[SourceVersionDate "2021.10.06"]
[SourceQuality "1"]

1. e4 c5 2. Nf3 g6 3. a3 Nc6 4. Bc4 Bg7 5. O-O e6 6. d3 Nf6 7. Bg5 h6 8. Bh4 g5 9. Bg3 Nh5 10. Bd6 Bxb2 11. Ra2 Bf6 12. Bxc5 Be7 13. Be3 Na5 14. Nbd2 Nxc4 15. Nxc4 Nf6 16. Nfd2 d5 17. e5 Nd7 18. Nd6+ Bxd6 19. exd6 Nf6 20. Bd4 Rg8 21. c4 b6 22. cxd5 Nxd5 23. Ne4 f5 24. Qh5+ Kf8 25. Qxh6+ Rg7 1-0

[Event "Winnipeg TNT March op"]
[Site "Winnipeg CAN"]
[Date "2017.03.14"]
[Round "2.4"]
[White "Piche, Zachary"]
[Black "Konara, Harshani"]
[Result "0-1"]
[WhiteElo "1310"]
[BlackElo "1903"]
[WhiteFideId "-1"]
[WhiteFideId "-1"]
[PlyCount "69"]
[GameId "2160767908478211"]
[EventDate "2017.03.07"]
[EventType "swiss"]
[EventRounds "4"]
[EventCountry "CAN"]
[SourceTitle "EXT 2022"]
[Source "ChessBase"]
[SourceDate "2021.10.06"]
[SourceVersion "1"]
[SourceVersionDate "2021.10.06"]
[SourceQuality "1"]

1. d4 Nf6 2. c4 e6 3. Nc3 Bb4 4. Qc2 b6 5. Nf3 Bb7 6. Bg5 O-O 7. e3 Be7 8. Bd3 h6 9. Bf4 d6 10. e4 Nc6 11. d5 Nb4 12. Qd2 Nxd3+ 13. Qxd3 e5 14. Be3 Bc8 15. h3 a6 16. O-O Nh7 17. b4 f5 18. a4 Qe8 19. b5 a5 20. Nd2 Qg6 21. Kh1 f4 22. Bxf4 Rxf4 23. Ne2 Rf8 24. f4 exf4 25. Nxf4 Qe8 26. Nb3 Bg5 27. Qg3 Bxf4 28. Rxf4 Rxf4 29. Qxf4 Qe5 30. Qh4 Qf6 31. Qg3 Ng5 32. Qd3 Qe5 33. Re1 Bf5 34. Qd2 Nxe4 35. Nd4 0-1

[Event "Winnipeg TNT March op"]
[Site "Winnipeg CAN"]
[Date "2017.03.14"]
[Round "2.4"]
[White "Remillard, John"]
[Black "Magyar, Peter"]
[Result "1-0"]
[WhiteElo "1678"]
[BlackElo "1533"]
[WhiteFideId "-1"]
[WhiteFideId "-1"]
[PlyCount "51"]
[GameId "2160767908478212"]
[EventDate "2017.03.07"]
[EventType "swiss"]
[EventRounds "4"]
[EventCountry "CAN"]
[SourceTitle "EXT 2022"]
[Source "ChessBase"]
[SourceDate "2021.10.06"]
[SourceVersion "1"]
[SourceVersionDate "2021.10.06"]
[SourceQuality "1"]

1. c4 c5 2. Nc3 Nf6 3. g3 a6 4. Bg2 e6 5. e4 d6 6. Nge2 Be7 7. O-O O-O 8. d4 b6 9. e5 d5 10. exf6 Bxf6 11. cxd5 Bb7 12. dxc5 bxc5 13. dxe6 Qxd1 14. Rxd1 Bxg2 15. exf7+ Rxf7 16. Kxg2 Nc6 17. Be3 c4 18. a3 Raf8 19. Rd2 Na5 20. Rad1 Nb3 21. Rd7 Be7 22. Nd5 h6 23. Rxe7 Rf5 24. Ndf4 Na5 25. Ne6 Rb8 26. Rxg7+ 1-0

[Event "Winnipeg TNT March op"]
[Site "Winnipeg CAN"]
[Date "2017.03.14"]
[Round "2.4"]
[White "Swift, Ryne"]
[Black "Wiebe, Isaac"]
[Result "0-1"]
[WhiteElo "1898"]
[BlackElo "2232"]
[WhiteFideId "-1"]
[WhiteFideId "-1"]
[PlyCount "94"]
[GameId "2160767908478213"]
[EventDate "2017.03.07"]
[EventType "swiss"]
[EventRounds "4"]
[EventCountry "CAN"]
[SourceTitle "EXT 2022"]
[Source "ChessBase"]
[SourceDate "2021.10.06"]
[SourceVersion "1"]
[SourceVersionDate "2021.10.06"]
[SourceQuality "1"]

1. e4 e6 2. d4 d5 3. e5 c5 4. c3 Nc6 5. Be3 Bd7 6. f4 f6 7. Bd3 Nh6 8. Nf3 c4 9. Bc2 f5 10. O-O Ng4 11. Bf2 Be7 12. Nbd2 O-O 13. Qe2 Be8 14. h3 Nxf2 15. Qxf2 Bh5 16. b4 h6 17. Kh2 g5 18. Rg1 g4 19. Ne1 Rf7 20. g3 gxh3 21. Kxh3 Bg4+ 22. Kh2 Rg7 23. Nf1 Qe8 24. Ng2 Qh5+ 25. Nh4 Kh8 26. Ne3 Rag8 27. Bd1 Bxh4 28. gxh4 Ne7 29. Bxg4 fxg4 30. Qg3 Qf7 31. Raf1 h5 32. Rf2 Nf5 33. Nxf5 Qxf5 34. Rgf1 Kh7 35. Kg1 Kg6 36. Re1 Rf8 37. Kg2 Rgf7 38. Ref1 Qe4+ 39. Kg1 Qf5 40. Qe3 Kh7 41. Kg2 g3 42. Kxg3 Rg8+ 43. Kh2 Rg4 44. Rf3 Rfg7 45. Qf2 Qg6 46. Kh1 Rxh4+ 47. Qxh4 Qg2# 0-1

[Event "Winnipeg TNT March op"]
[Site "Winnipeg CAN"]
[Date "2017.03.14"]
[Round "2.4"]
[White "Trueman, Francis"]
[Black "Reimer, Bruce"]
[Result "1-0"]
[WhiteElo "1434"]
[BlackElo "1665"]
[WhiteFideId "-1"]
[WhiteFideId "-1"]
[PlyCount "109"]
[GameId "2160767908478214"]
[EventDate "2017.03.07"]
[EventType "swiss"]
[EventRounds "4"]
[EventCountry "CAN"]
[SourceTitle "EXT 2022"]
[Source "ChessBase"]
[SourceDate "2021.10.06"]
[SourceVersion "1"]
[SourceVersionDate "2021.10.06"]
[SourceQuality "1"]

1. Nf3 g6 2. d3 Bg7 3. Nbd2 d6 4. g3 a6 5. Bg2 Nc6 6. O-O Bd7 7. Re1 Qc8 8. c3 Bh3 9. Qb3 Bxg2 10. Kxg2 e6 11. e4 Nge7 12. a4 O-O 13. Nf1 Na5 14. Qc2 c5 15. Ne3 c4 16. dxc4 Nxc4 17. Nxc4 Qxc4 18. Bf4 Rfd8 19. Rad1 d5 20. Nd2 Qc6 21. Nf3 d4 22. Ne5 Qc5 23. Nd3 Qc8 24. Bg5 f6 25. Bd2 b5 26. Rc1 Qd7 27. Nc5 d3 28. Qb3 bxa4 29. Qxe6+ Qxe6 30. Nxe6 Rd6 31. Nxg7 Kxg7 32. Ra1 Rb6 33. Reb1 Rab8 34. Ra2 Nc6 35. Kf3 Ne5+ 36. Ke3 a3 37. Bc1 axb2 38. Bd2 Kh6 39. f4 Ng4+ 40. Kxd3 Nxh2 41. Kc2 Nf1 42. Raxb2 Rxb2+ 43. Rxb2 Rxb2+ 44. Kxb2 Nxd2 45. e5 fxe5 46. fxe5 Kg7 47. Kc2 Ne4 48. Kd3 Nxg3 49. Kd4 Nf5+ 50. Kc5 a5 51. Kb5 Kf7 52. c4 Nd4+ 53. Kxa5 h5 54. c5 h4 55. Kb4 1-0